00823nas a2200229Ia 4500001001100000003000900011008004100020040001300061040001300074041001300087100004800100210002000148222002000168245006800188250001100256260002900267501008600296300001700382362003500399500012300434650003600557R012/48391IT-RoPAU151124c99999999xx |||||||||||| ||und|| aIT-RoPAU cIT-RoPAU aITALIANO aCremonini GiorgiogCodice Aut. SPICS: 7710 aCINEMA & CINEMA aCinema & Cinema aCINEMA & CINEMA, ANNO 13-N.47 (DICEMBRE 1986)bDietro la Figura a1a ed. aMILANObINTRAPRESAc1986 bPaulus - SPICS - Società San Paolo EM (non-commercial uses only)cCopyright2015 a2 p. [43-45] aANNO 013, N.47 (DICEMBRE 1986) aProblema Dello Spazio Filmico. Funzioni e Significati del Paesaggio nel Cinema D'Autore. Rapporto tra Figura e Sfondo. aCINEMAvPUBBLICAZIONE PERIODICA